000 00877nam a2200181Ia 4500
008 151202s9999||||xx |||||||||||||| ||und||
082 _bPNVM-76081
100 _aमुजावर इसाक.
245 _a"मुस्लिम सिनेमा समाज-बुरख्यातला,बुरख्याबाहेरचा."
260 _b"नवचैतन्य प्रकाशन,बोरोवली."
260 _c2011
300 _a184
600 _aमुजावर इसाक.
630 _a"मुस्लिम सिनेमा समाज-बुरख्यातला,बुरख्याबाहेरचा."
700 _aमुजावर इसाक.
730 _a"मुस्लिम सिनेमा समाज-बुरख्यातला,बुरख्याबाहेरचा."
942 _cBOOK
999 _c1342740
_d1342737